000 00385nam a2200121Ia 4500
008 220615s9999||||xx |||||||||||||| ||und||
100 _aPena Pereira, Francisco
245 0 _aMiniaturization in Sample Preparation
546 _aEnglish[eng]
650 _aAnalytical Chemistry||Materials Science||Green Chemistry
856 _uhttps://www.degruyter.com/view/product/449651
942 _cEB
999 _c17342
_d17342